| 000 | 01761cam a2200349 i 4500 | ||
|---|---|---|---|
| 999 |
_c1160 _d1160 |
||
| 001 | ocn913957633 | ||
| 003 | OCoLC | ||
| 005 | 20220803094557.0 | ||
| 008 | 151103s2015 nyu e 000 1 eng | ||
| 010 | _a2015026888 | ||
| 020 | _a9780812998245 | ||
| 040 |
_aDLC _beng _erda _cDLC _dCaOL _dKH8 _erda |
||
| 082 | _aFIC KIN | ||
| 100 | 1 |
_aKinsella, Sophie, _eauthor. |
|
| 245 | 1 | 0 |
_aShopaholic to the rescue : _ba novel / _cSophie Kinsella. |
| 250 | _aFirst U.S. Edition. | ||
| 264 | 1 |
_aNew York : _bDial Press, _c[2015] |
|
| 300 |
_a350 pages ; _c22 cm. |
||
| 336 |
_atext _2rdacontent. |
||
| 337 |
_aunmediated _2rdamedia. |
||
| 338 |
_avolume _2rdacarrier. |
||
| 520 | _a"Becky's father Graham and her best friend's husband, Tarquin, have disappeared from Los Angeles saying simply they have "something to take care of." But Tarquin's wife Suze who is Becky's best friend, and Becky's mother Jane, are convinced the two men are hiding something and are in danger--their imaginations run wild. They must track them down! Hijinks ensue as husband Luke drives Becky, daughter Minnie, Jane, Suze and other favorite Kinsella characters across country from LA to Las Vegas in search of the missing men. Becky feels deeply guilty about ignoring her father while he was in LA, in addition Becky feels her enemy Alicia is threatening her friendship with Suze. "--Provided by publisher. | ||
| 650 | 0 |
_aBloomwood, Becky (Fictitious character) _vFiction. |
|
| 650 | 0 |
_aMissing persons _xInvestigation _vFiction. |
|
| 650 | 0 |
_aFamily secrets _vFiction. |
|
| 650 | 0 |
_aVoyages and travels _vFiction. |
|
| 650 | 0 |
_aBest friends _vFiction. |
|
| 655 | 0 | _aDetective and mystery fiction. | |
| 655 | 0 | _aHumorous fiction. | |
| 655 | 0 | _aRoad fiction. | |
| 942 |
_2ddc _cFIC |
||